|
|
|
|
| LEADER |
00000nam a22000007i 4500 |
| 001 |
IT\ICCU\UBO\3672935 |
| 003 |
ItRI |
| 005 |
20260219124617.0 |
| 008 |
090729q20052009it |||||| ||||| |||||c |
| 020 |
|
|
|a 9788886865463
|
| 040 |
|
|
|b ita
|c ct
|
| 041 |
|
7 |
|a ita
|2 ISO-639-2
|
| 100 |
1 |
|
|a Mozetič, Brane
|0 IT\ICCU\RAVV\275911
|4 aut
|
| 245 |
1 |
0 |
|a Passion /
|c Brane Mozetic.
|
| 260 |
|
|
|a Forlì :
|b Zoe,
|c [2005]
|
| 300 |
|
|
|a 110 p. ;
|c 20 cm
|
| 942 |
|
|
|2 ddc
|c BK
|
| 952 |
|
|
|0 0
|1 0
|2 ddc
|4 0
|6 B_LNR02MOZBRPAS11
|7 0
|9 8976
|a MI
|b MI
|d 2010-01-25
|i 5916
|l 0
|o B-LNR02-MOZBR-PAS11
|p CDOM5916
|r 2025-07-17 21:50:00
|w 2025-07-17
|x DONO
|y BK
|
| 952 |
|
|
|0 0
|1 0
|4 0
|6 DOC_891_843000000000000_MOZ
|7 0
|9 21241
|a BO
|b BO
|d 2026-01-15
|i 12940
|l 0
|o DOC 891.843 MOZ
|p BO12940
|r 2026-01-15 23:21:49
|w 2026-01-15
|x [Sebina 5] [1 v.]
|y BK
|z 1 v.
|
| 952 |
|
|
|0 0
|1 0
|4 0
|6 DOC_891_843000000000000_MOZ
|7 0
|9 21242
|a BO
|b BO
|d 2026-01-15
|i 16643
|l 0
|o DOC 891.843 MOZ
|p BO16643
|r 2026-01-15 23:21:49
|w 2026-01-15
|x [Sebina 5] [1 v.]
|y BK
|z 1 v. (2. copia)
|
| 999 |
|
|
|c 7468
|d 7468
|